000 00362nam a22001457a 4500
020 _a81-204-0254-5
041 _aENG
100 _aKhushalani .K.B
245 _aIrrigation Practice And Design Arch ,Buttress ,Earth And Rockfill Dams
260 _aDelhi
_bOxford & ibh PUB
_c1998
300 _a330
650 _aIDE
700 _aKhushalani .M
856 _uIDE
999 _c397
_d397